Diez años de actividades 1971-1981
Wedi'i Gadw mewn:
| Awdur Corfforaethol: | |
|---|---|
| Fformat: | Llyfr |
| Iaith: | Sbaeneg |
| Cyhoeddwyd: |
Washington, D.C
OEA
1982
|
| Pynciau: | |
| Tagiau: |
Ychwanegu Tag
Dim Tagiau, Byddwch y cyntaf i dagio'r cofnod hwn!
|
MARC
| LEADER | 00000nam a2200000 a 4500 | ||
|---|---|---|---|
| 001 | UCT6999 | ||
| 003 | CL-VaPUC | ||
| 008 | 970116e19820000US |||||||||||||||||spa|d | ||
| 082 | 0 | 4 | |a 323.4 |b COM |2 21 |
| 110 | 2 | |a Comisión Interamericana de Derechos Humanos |e author |9 377531 | |
| 245 | 1 | 0 | |a Diez años de actividades 1971-1981 |
| 300 | |a 401 p | ||
| 942 | |c BK | ||
| 945 | |d 19970116 00:00:00 |a paguirre | ||
| 260 | |a Washington, D.C |b OEA |c 1982 | ||
| 650 | 0 | |a Derechos humanos |9 223025 | |
| 650 | 0 | |a Política |9 255312 | |
| 650 | 7 | |a DERECHO INTERNACIONAL PUBLICO |2 CL-VaPUC |9 377532 | |
| 650 | 0 | |a Violencia |9 255411 | |
| 650 | 0 | |a Guerra civil |9 320243 | |
| 651 | 0 | |a América |9 255182 | |
| 583 | |a last modification |c 19970116 00:00:00 |k Rodrigo Vera | ||
| 999 | |c 255664 |d 255662 | ||
| 952 | |0 0 |1 0 |4 0 |6 323_400000000000000_COM_1982 |7 0 |8 A |9 278026 |a BIBDER |b BIBDER |d 2019-11-19 |i 1805045 |o 323.4 COM 1982 |p 1805045 |r 2023-01-25 |w 2019-11-19 |y BK |k DER | ||
| 952 | |0 0 |1 0 |4 0 |6 323_400000000000000_COM_1982 |7 0 |8 A |9 278028 |a BIBDER |b BIBDER |d 2019-11-19 |i 1805061 |o 323.4 COM 1982 |p 1805061 |r 2023-01-25 |w 2019-11-19 |y BK |k DER | ||
| 952 | |0 0 |1 0 |4 0 |6 323_400000000000000_COM_1982 |7 0 |8 A |9 278029 |a BIBHIS |b BIBHIS |d 2019-11-19 |i 1209566 |o 323.4 COM 1982 |p 1209566 |r 2025-01-20 |w 2019-11-19 |y BK |k HIS | ||